In the garden with Van Gogh / (Record no. 3918)

MARC details
000 -LEADER
fixed length control field 00925cam a2200277 a 4500
005 - DATE AND TIME OF LATEST TRANSACTION
control field 20250724144052.0
020 ## - INTERNATIONAL STANDARD BOOK NUMBER
International Standard Book Number 9780811834155
040 ## - CATALOGING SOURCE
Original cataloging agency DLC
Transcribing agency DLC
Modifying agency DLC
Language of cataloging eng
050 00 - LIBRARY OF CONGRESS CALL NUMBER
Classification number PZ8.3.M55166
Item number 2002
082 00 - DEWEY DECIMAL CLASSIFICATION NUMBER
Classification number 759.9492
100 1# - MAIN ENTRY--PERSONAL NAME
Personal name Merberg, Julie
245 10 - TITLE STATEMENT
Title In the garden with Van Gogh /
Statement of responsibility, etc. Julie Merberg and Suzanne Bober
260 ## - PUBLICATION, DISTRIBUTION, ETC.
Place of publication, distribution, etc. San Francisco, California :
Name of publisher, distributor, etc. Chronicle Books ;
Date of publication, distribution, etc. 2002
300 ## - PHYSICAL DESCRIPTION
Extent 20 unnumbered pages :
Other physical details color illustrations ;
Dimensions 15 cm.
500 ## - GENERAL NOTE
General note On board pages.
505 ## - FORMATTED CONTENTS NOTE
Formatted contents note D <br/>
520 ## - SUMMARY, ETC.
Summary, etc. Set against the backdrop of well-known works by the artist, Vincent Van Gogh, rhyming text tells a story from the artwork.
521 ## - TARGET AUDIENCE NOTE
Target audience note 160 <br/>
Source Lexile estimate <br/>
521 ## - TARGET AUDIENCE NOTE
Target audience note D <br/>
Source Raz-Plus <br/>
650 #1 - SUBJECT ADDED ENTRY--TOPICAL TERM
Topical term or geographic name entry element Artists
Form subdivision Fiction.
650 #1 - SUBJECT ADDED ENTRY--TOPICAL TERM
Topical term or geographic name entry element Stories in rhyme.
700 1# - ADDED ENTRY--PERSONAL NAME
Personal name Bober, Suzanne
906 ## - LOCAL DATA ELEMENT F, LDF (RLIN)
a 7
b cbc
c orignew
d 1
e ecip
f 20
g y-gencatlg
942 ## - ADDED ENTRY ELEMENTS (KOHA)
Source of classification or shelving scheme Dewey Decimal Classification
Koha item type Books
Suppress in OPAC No
999 ## -
-- 3918
-- 3918
Holdings
Withdrawn status Lost status Source of classification or shelving scheme Damaged status Not for loan Collection Home library Current library Shelving location Date acquired Total Checkouts Full call number Barcode Date due Date last seen Date last checked out Price effective from Koha item type
    Dewey Decimal Classification     Non-Fiction Footprints International School Library Network Toul Tom Poung Campus Footprints International School Library Network Toul Tom Poung Campus TTP Primary Green Bookshelves 05/23/2024 1 MAR 759.9492 PZ8.M55166 FISTKKA001 07/14/2025 06/30/2025 06/30/2025 05/23/2024 Books